| 000 | 02483 a2200385 4500 | ||
|---|---|---|---|
| 999 |
_c10947 _d10947 |
||
| 020 | _a0198292716 | ||
| 050 | 0 | 0 |
_aHC427.92 _bJAP 2005 |
| 100 |
_aSugihara, Kaoru _eauthor |
||
| 245 | 0 | 0 |
_aJapan, China, and the growth of the Asian international economy, 1850-1949 / _cedited by Kaoru Sugihara. |
| 264 |
_aNew York : _bOxford University Press, _c2005 |
||
| 300 |
_axii, 295 pages. : _billustrations, maps ; |
||
| 336 |
_2 rdacontent _atext _btxt |
||
| 337 |
_2rdamedia _aummediated _bn |
||
| 338 |
_2 rdacarrier _avolume _bnc |
||
| 440 | 0 | _aJapanese studies in economic and social history ; | |
| 500 | _aIncludes bibliographical references and index. | ||
| 504 | _aIncludes bibliographical references and index. | ||
| 505 | _aKobe Seen as part of the Shanghai trading network: the role of Chinese merchants in the re-export of cotton manufactures to Japan / Kazuko Furuta The Chinese merchant community in Kobe and the development of the Japanese cotton industry, 1890-1941 / Naoto Kagotani The Chinese market for Japanese cotton textile goods, 1914-30 / Takeshi Abe The collapse of the Chinese imperial monetary system / Akinobu Kuroda Japanese and British perceptions of Chinese boycotts in Shanghai: with special reference to the anti-Japanese boycotts, 1928-31 / Harumi Goto-Shibata The tariff policy of the nationalist government, 1929-36: a historical assessment / Toru Kubo China's "dual economy" in international trade relations, 1842-1949 / Man-houng Lin Foreign trade, internal trade, and industrialization: a statistical analysis of regional commodity flows in China, 1914-31 / Hajime Kose Taiwanese merchants in the economic relations between Taiwan and China, 1895-1937 / Man-houng Lin Patterns of Chinese emigration to Southeast Asia, 1869-1939 / Kaoru Sugihara | ||
| 650 | 0 |
_aIndustrialization _xHistory. |
|
| 650 | 0 |
_aIndustrialization _xHistory. |
|
| 650 | 0 | _aForeign economic relations | |
| 650 | 0 | _aEconomic conditions | |
| 651 | 0 | _aEast Asia | |
| 651 | 0 | _aJapan | |
| 651 | 0 | _aChina | |
| 651 | 0 | _aJapan | |
| 651 | 0 | _aJapan | |
| 651 | 0 | _aChina | |
| 651 | 0 | _aChina | |
| 700 | 1 |
_aSugihara, Kaoru. _eeditor |
|
| 856 | 4 | 2 |
_3Publisher description _uhttp://www.loc.gov/catdir/enhancements/fy0635/2005298095-d.html |
| 856 | 4 | 2 |
_3Contributor biographical information _uhttp://www.loc.gov/catdir/enhancements/fy0722/2005298095-b.html |
| 942 |
_2lcc _cBK _h427.92 _iJAP _kHC |
||